Tìm hiểu nghệ thuật hát chầu văn

Sách tham khảo; Cung cấp những thông tin về sự hình thành, ý nghĩa của ca từ, đặc trưng trong âm nhạc, nghệ thuật hát chầu văn; sự phát triển của loại hình nghệ thuật độc đáo này trong đời sống văn hóa hiện nay. Giới thiệu một số bài ha...

Full beskrivning

Sparad:
Bibliografiska uppgifter
Huvudupphovsman: Bùi, Đình Thảo
Övriga upphovsmän: Nguyễn, Quang Hải
Materialtyp: Bok
Språk:Undetermined
Publicerad: H. Quân đội nhân dân 2017
Ämnen:
Länkar:http://lrc.tdmu.edu.vn/opac/search/detail.asp?aID=2&ID=30176
Taggar: Lägg till en tagg
Inga taggar, Lägg till första taggen!
Thư viện lưu trữ: Trung tâm Học liệu Trường Đại học Thủ Dầu Một
LEADER 01212nam a2200217Ia 4500
001 TDMU_30176
008 210410s9999 xx 000 0 und d
082 |a 543.0284 
090 |b B510 
100 |a Bùi, Đình Thảo 
245 0 |a Tìm hiểu nghệ thuật hát chầu văn 
245 0 |c Bùi Đình Thảo (ch.b.), Nguyễn Quang Hải 
260 |a H. 
260 |b Quân đội nhân dân 
260 |c 2017 
300 |a 267tr. 
520 |a Sách tham khảo; Cung cấp những thông tin về sự hình thành, ý nghĩa của ca từ, đặc trưng trong âm nhạc, nghệ thuật hát chầu văn; sự phát triển của loại hình nghệ thuật độc đáo này trong đời sống văn hóa hiện nay. Giới thiệu một số bài hát văn tiêu biểu còn được lưu giữ tới nay 
650 |a Nhạc dân tộc  |x Chầu văn  |z Việt Nam; Nhạc dân gian  |x Chầu văn  |z Việt Nam 
700 |a Nguyễn, Quang Hải 
856 |u http://lrc.tdmu.edu.vn/opac/search/detail.asp?aID=2&ID=30176 
980 |a Trung tâm Học liệu Trường Đại học Thủ Dầu Một